| 000 | 00455nam a22001457a 4500 | ||
|---|---|---|---|
| 082 |
_a346.05 _bMAH |
||
| 100 | _aMahmood, M. | ||
| 245 |
_aA Comprehensive and Exhaustive Commentary on The Court Fees Act (vii of 1870) & Suits Valuation Act (vii of 1887)/ _cM. Mahmood; Jawad Mahmood Pasha. |
||
| 250 | _a3rd Edition. | ||
| 260 |
_aLahore: _bAl Qanoon Publisher, _c2023. |
||
| 300 | _a592p. ; | ||
| 563 | _aHB | ||
| 650 |
_aLaw _935302 |
||
| 942 |
_2ddc _cBK |
||
| 999 |
_c612986 _d612986 |
||